75 años de la UIMP (Record no. 181021)

MARC details
000 -LEADER
campo de control de longitud fija 01139nam a2200253 i 4500
001 - NÚMERO DE CONTROL
campo de control 181021
003 - IDENTIFICADOR DE NÚMERO DE CONTROL
campo de control ES-MaACL
005 - FECHA Y HORA DE LA ÚLTIMA TRANSACCIÓN
campo de control 20231004115420.0
008 - DATOS DE LONGITUD FIJA--INFORMACIÓN GENERAL
campo de control de longitud fija 121002s2008 sp aco |||| | spa d
020 ## - NÚMERO INTERNACIONAL ESTÁNDAR DEL LIBRO
Número Internacional Estándar del Libro 84-88703-52-X
080 ## - NÚMERO DE LA CLASIFICACIÓN DECIMAL UNIVERSAL
Número de la Clasificación Decimal Universal 378.4(460.13 S.)(091)
245 00 - MENCIÓN DEL TÍTULO
Título 75 años de la UIMP
Resto del título : las escaleras del saber : una universidad con arte : exposición de fotografía y carteles : Santander, Mercado del Este, 2008.
246 3# - FORMA VARIANTE DEL TITULO
Título propio/Titulo breve Setenta y cinco años de la UIMP
260 ## - PUBLICACIÓN, DISTRIBUCIÓN, ETC.
Lugar de publicación, distribución, etc. Santander :
Nombre del editor, distribuidor, etc. Universidad Internacional Menéndez Pelayo :
-- Sociedad Estatal de Conmemoraciones Culturales,
Fecha de publicación, distribución, etc. 2008.
300 ## - DESCRIPCIÓN FÍSICA
Extensión 115 p. :
Otras características físicas principalmente il. col. y n., fot. ;
Dimensiones 24 cm.
610 24 - PUNTO DE ACCESO ADICIONAL DE MATERIA--NOMBRE DE ENTIDAD CORPORATIVA
Nombre de entidad corporativa o nombre de jurisdicción como elemento de entrada Universidad Internacional Menéndez Pelayo-
Subdivisión de forma Historia.
9 (RLIN) 151528
710 2# - ENTRADA AGREGADA--NOMBRE DE ENTIDAD CORPORATIVA
Nombre de entidad corporativa o nombre de jurisdicción como elemento de entrada Universidad Internacional Menéndez Pelayo.
9 (RLIN) 7384
710 2# - ENTRADA AGREGADA--NOMBRE DE ENTIDAD CORPORATIVA
Nombre de entidad corporativa o nombre de jurisdicción como elemento de entrada Sociedad Estatal de Conmemoraciones Culturales (España)
9 (RLIN) 134893
852 ## - LOCALIZACIÓN
Ubicación ES-MaACL
Número de control de estantería A-12238
itemnumber 187903
Sublocalización o colección R.147107
Ubicación en estantería Depósito 1
Signatura antigua Olim: N-5243
Encuadernación Donacion: R.A.E
912 ## - NOMBRE ENTIDAD DE POSESOR
RLIN 6336
Nombre de congreso/reunión o jurisdicción como elemento de entrada Real Academia Española
942 ## - ELEMENTOS DE ENTRADA SECUNDARIOS (KOHA)
Fuente del sistema de clasificación o colocación Clasificación decimal universal
Tipo de ítem Koha Libro impreso
Holdings
Estatus retirado Estado de pérdida Fuente del sistema de clasificación o colocación Estado de daño No para préstamo Biblioteca de origen Biblioteca actual Ubicación en estantería Fecha de adquisición Fuente de adquisición Total de préstamos Signatura topográfica completa Código de barras Visto por última vez Precio de reemplazo Tipo de ítem Koha
    Clasificación decimal universal     Biblioteca del Ateneo de Madrid Biblioteca del Ateneo de Madrid Depósito 1 02/10/2012 Donación   A-12238 1190230 23/02/2023 23/02/2023 Libro impreso